00317 a2200133 4500003000500000005001700005040000900022082001500031100002200046245005100068260003600119300000900155650001900164Nust20230310115116.0 cNust a297.72,MAU aAbul Ala Maudoodi aAl Jihad fil Islam / cSyed Abul Aala Maududi aLahorebIdehra Tarjumanul Quran b599: aJehad in Islam